000 00207nam a2200109Ia 4500
100 _aMITCHELL/MARGARET
942 _cBK
245 _aGONE WITH THE WIND
260 _b#N/A
546 _aENGLISH
999 _c34213
_d34213